000 01466nam a22003257a 4500
005 20240503103935.0
008 240503b |||||||| |||| 00| 0 eng d
020 _a1405141611 (hardback : alk. paper)
020 _a9781405141611 (hardback : alk. paper)
035 _a(OCoLC)ocm71266416
035 _a(OCoLC)71266416
040 _aDLC
_cKMU
_dBAKER
_dUKM
_dC#P
_dYDXCP
_dAGL
_dBWK
_dKMU
050 0 0 _aSH334 Adv
245 0 0 _aAdvances in fisheries economics :
_bfestschrift in honour of Professor Gordon R. Munro /
_cedited by Trond Bjørndal ... [et al.].
260 _aOxford ;
_aAmes, Iowa :
_bBlackwell Pub.,
_c2007.
300 _axi, 308 p. :
_bill., maps ;
_c26 cm.
504 _aIncludes bibliographical references and index.
650 0 _aFisheries
_xEconomic aspects.
650 0 _aFishery management.
653 1 _aMunro
653 2 _aFisheries economics
700 1 _aBjørndal, Trond,
_d1953-
700 1 _aMonroe, Gordon R.
_q(Gordon Ross),
_d1934-
856 4 1 _3Table of contents only
_uhttp://www.loc.gov/catdir/toc/ecip0620/2006028426.html
856 4 2 _3Contributor biographical information
_uhttp://www.loc.gov/catdir/enhancements/fy0802/2006028426-b.html
856 4 2 _3Publisher description
_uhttp://www.loc.gov/catdir/enhancements/fy0802/2006028426-d.html
906 _a7
_bcbc
_corignew
_d1
_eecip
_f20
_gy-gencatlg
942 _2lcc
_cBK
_n0
999 _c1151
_d1151